|
|
|
|
| LEADER |
00759nnm a2200229za 4500 |
| 001 |
001001521 |
| 003 |
CZ BrMZK |
| 005 |
20080916122706.0 |
| 007 |
sd fsngnnmmned |
| 008 |
080916s2008 enk|||||||||||||| engod |
| 020 |
|
|
|a 9781405075305
|
| 040 |
|
|
|a BOA001
|b cze
|
| 100 |
1 |
|
|a Jeffries, Amanda
|7 pna2006352641
|
| 245 |
1 |
0 |
|a Straightforward. Advanced. Workbook CD
|h [zvukový záznam] /
|c Amanda Jeffries
|
| 260 |
|
|
|a Oxford :
|b Macmillan,
|c 2008
|
| 300 |
|
|
|a 1 kompaktní disk +
|e kniha CY 26
|
| 653 |
0 |
|
|a angličtina pro pokročilé
|
| 653 |
0 |
|
|a angličtina pro střední školy
|
| 910 |
|
|
|a BOA001
|x CD-A 358
|
| 990 |
|
|
|a AM
|
| 991 |
|
|
|z 000050112
|x 99
|
| 996 |
7 |
|
|b 261E007802
|c CD-A 358
|l Anglická knihovna/2.patro
|r ZHR
|n 14
|w 001001521
|u 000010
|a 0
|e BOA001
|j MZK50
|s A
|